| 000 | 01165nam a2200301 a 4500 | ||
|---|---|---|---|
| 001 | 000048440 | ||
| 005 | 20250408123231.0 | ||
| 008 | 100212s2018 dr r 000 0 spa d | ||
| 020 | _a9789945503142 | ||
| 040 |
_aDO-SdBNP _bspa _cBNPHU |
||
| 082 |
_aRD863.3 _bP418c, 2018 |
||
| 100 | 1 |
_aPenson, César Nicolás, _d1855-1901 _96475 |
|
| 245 | 1 | 0 |
_aCosas añejas : _btradiciones y episodios de Santo Domingo / _cCésar Nicolás Penson ; prólogo Manuel Nuñez. |
| 260 |
_aSanto Domingo : _bNacional _bMinisterio de Cultura de la República Dominicana, _c2018. |
||
| 300 |
_aXXVII, 359 p. ; _c20 cm. |
||
| 490 | 1 | _aBiblioteca Dominicana Básica ; | |
| 490 | 1 |
_aNarrativa ; _v12 ; |
|
| 500 | _aIncluye notas del autor del 1891. | ||
| 500 | _aIncluye notas a pie de páginas. | ||
| 500 | _aIncluye datos biografícos del autor en la solapa de la portada. | ||
| 504 | _aBibliografía p: XXV-XXVII | ||
| 590 | _aInventariado, 2019/YL | ||
| 650 | 0 |
_aCuentos dominicanos _9176 |
|
| 650 | 0 |
_aLiteratura dominicana. _967 |
|
| 700 | 1 |
_aNúñez, Manuel, _d1957- _eprólogo _92366 |
|
| 830 | 0 |
_aNarrativa _n12 _975854 |
|
| 830 | 0 |
_aBiblioteca Dominicana Básica _943171 |
|
| 999 |
_c47928 _d47928 |
||